ՀՀ Գիտությունների ազգային ակադեմիայի հիմնարար գիտական գրադարան  =   Fundamental Scientific Library of NAS RA

Հակոբ Օշական : (Record no. 182002)

MARC details
000 -LEADER
fixed length control field 00985nam a2200241 u 4500
001 - CONTROL NUMBER
control field 000493598
003 - CONTROL NUMBER IDENTIFIER
control field AM-YeHGA
005 - DATE AND TIME OF LATEST TRANSACTION
control field 20250618072633.0
008 - FIXED-LENGTH DATA ELEMENTS--GENERAL INFORMATION
fixed length control field 060621s2006 ai | |||||||||||||arm|d
020 ## - INTERNATIONAL STANDARD BOOK NUMBER
International Standard Book Number 5808407419
040 ## - CATALOGING SOURCE
Original cataloging agency AM-YeHGA
041 0# - LANGUAGE CODE
Language code of text/sound track or separate title arm
090 ## - LOCALLY ASSIGNED LC-TYPE CALL NUMBER (OCLC); LOCAL CALL NUMBER (RLIN)
-- 183454
100 1# - MAIN ENTRY--PERSONAL NAME
Personal name Աղաբեկյան, Կիմ Բագրատի,
Dates associated with a name 1938-
9 (RLIN) 581
245 10 - TITLE STATEMENT
Title Հակոբ Օշական :
Remainder of title Ստեղծագործական աշխարհի արահետներում /
Statement of responsibility, etc. Կ. Բ. Աղաբեկյան; ԵՊՀ.
260 ## - PUBLICATION, DISTRIBUTION, ETC.
Place of publication, distribution, etc. Երևան :
Name of publisher, distributor, etc. Եր. համալս. հրատ.,
Date of publication, distribution, etc. 2006.
300 ## - PHYSICAL DESCRIPTION
Extent 273 էջ :
Other physical details 1 թ. դիմանկ. ;
Dimensions 20 սմ.
504 ## - BIBLIOGRAPHY, ETC. NOTE
Bibliography, etc. note Մատենագիտ. տողատ. ծանոթ.
600 14 - SUBJECT ADDED ENTRY--PERSONAL NAME
Personal name Օշական, Հակոբ,
Dates associated with a name 1883-1948
9 (RLIN) 4922
650 14 - SUBJECT ADDED ENTRY--TOPICAL TERM
Topical term or geographic name entry element Հայ գրողների կյանքն ու գործունեությունը
9 (RLIN) 4515
650 14 - SUBJECT ADDED ENTRY--TOPICAL TERM
Topical term or geographic name entry element Հայ գրականության պատմություն
9 (RLIN) 4711
710 2# - ADDED ENTRY--CORPORATE NAME
Corporate name or jurisdiction name as entry element Երևանի պետական համալսարան
Holdings
Withdrawn status Lost status Damaged status Not for loan Collection Home library Current library Date acquired Cost, normal purchase price Shelving control number Total checkouts Full call number Barcode Date last seen Price effective from Koha item type Public note
        General Fundamental Scientific Library Fundamental Scientific Library 28/12/2016 2000.00     AII/95422 FL0149509 28/12/2016 28/12/2016 Գրքեր / Books 30 Days Loan


ՀՀ ԳԱԱ հիմնարար գիտական գրադարան
ՀՀ,Երևան 0019
Մարշալ Բաղրամյան 24/6
հեռախոս:(374-10) 52-47-50
Հետադարձ կապ

All site content, except where otherwise noted, is licensed under a
Creative Commons License